| 000 | 01123cab a2200229 4500 | ||
|---|---|---|---|
| 001 | ABS68599 | ||
| 008 | 050125n2005 000 0 eng u | ||
| 035 | _a(Sirsi) u128598 | ||
| 245 | _aPotential problems that can be encountered when assessing precast concrete non-traditional housing | ||
| 260 | _c2005 | ||
| 490 |
_aBuilding Engineer _vJanuary 2005, 80(1) 28-29(2) |
||
| 520 | _aDescribes the different types of problems that may be associated with precast reinforced concrete houses. Points out that when the home information pack is introduced in early 2007 a duty will be placed on inspectors and surveyors to identify houses of non-traditional construction in the home condition reports. The BRE has produced a new and detailed book which covers all types of non-traditional houses (ISBN 1860816975). | ||
| 590 | _aABS | ||
| 650 | _aPRECAST CONCRETE | ||
| 650 | _aNON TRADITIONAL HOUSING | ||
| 650 | _aREINFORCED CONCRETE | ||
| 650 | _aBUILT ENVIRONMENT-BUILDING INSPECTION | ||
| 650 | _aRAIN PENETRATION | ||
| 650 | _aBUILDING DEFECTS | ||
| 690 | _aBUILT ENVIRONMENT-BUILDING PATHOLOGY | ||
| 942 | _n0 | ||
| 999 |
_c74747 _d74747 |
||